The Life and works of José Joaquín Fernández de Lizardi /

Bibliographic Details
Main Author: Spell, Jefferson Rea, 1886-1967
Format: Thesis Book
Language:English
Published: Philadelphia : [University of Pennsylvania Press], 1931.
Series:Series in Romanic languages and literatures ; no. 23.
Subjects:

MARC

Tag First Indicator Second Indicator Subfields
LEADER 00000cam a2200000Ia 4500
001 in00001625913
005 20151023062930.0
008 000831s1931 pau rb 001 0 eng d
035 |a (OCoLC)ocm44916909 
040 |a OSU  |c OSU  |d TXA  |d UtOrBLW 
043 |a n-mx--- 
049 |a TXAM 
090 |a PQ7297.F37  |b Z8 1931 
100 1 |a Spell, Jefferson Rea,  |d 1886-1967. 
245 1 4 |a The Life and works of José Joaquín Fernández de Lizardi /  |c Jefferson Rea Spell. 
264 1 |a Philadelphia :  |b [University of Pennsylvania Press],  |c 1931. 
300 |a 141 pages ;  |c 24 cm. 
336 |a text  |b txt  |2 rdacontent 
337 |a unmediated  |b n  |2 rdamedia 
338 |a volume  |b nc  |2 rdacarrier 
490 1 |a Series in Romanic languages and literatures ;  |v no. 23 
502 |b Ph. D.  |c University of Pennsylvania  |d 1931. 
533 |a Photocopy.  |b Charlestown, MA :  |c Acme Bookbinding,  |d 2000.  |e 24 cm. 
504 |a Includes bibliographical references and index. 
600 1 0 |a Fernández de Lizardi, José Joaquín,  |d 1776-1827. 
650 0 |a Mexican literature  |y 19th century. 
651 0 |a Mexico  |x Politics and government  |y 1540-1810. 
651 0 |a Mexico  |x Politics and government  |y 1810-1821. 
830 0 |a Series in Romanic languages and literatures ;  |v no. 23. 
994 |a E0  |b TXA 
948 |a cataloged  |b h  |c 2001/8/16  |d c  |e lmiller  |f 3:39:38 pm 
949 |a updated  |b h  |c 2013/1/29  |e fpiscitelli  |f 12:03:11 pm 
999 |a MARS 
999 f f |s 10ee9763-95d8-3547-b7ad-2763f7ed9e8b  |i 87e5bd69-182e-3ceb-91bc-3b9843f56dea  |t 0 
952 f f |p ric  |a Texas A&M University  |b Rellis Campus  |c Joint Library Facility  |d Remote Storage  |t 0  |e PQ7297.F37 Z8 1931  |h Library of Congress classification  |i unmediated -- volume  |m A14828068697 
998 f f |a PQ7297.F37 Z8 1931  |t 0  |l Remote Storage